Catálogo de instrumentos de descripción documental y bibliográfica / Pedro López Gómez ; con la colaboración de Beatriz Díaz Vázquez
Descripción Física:
95 p. : il. ; 30 cm
Otros Autores:
Díaz Vázquez, Beatriz
MARC
| LEADER | 00000nam a2200000Ia 4500 | ||
|---|---|---|---|
| 001 | 10439 | ||
| 008 | 160829s1993 xx 000 0 cat d | ||
| 080 | |a A-1-70 | ||
| 100 | |a López Gómez, Pedro |9 20961 | ||
| 245 | |a Catálogo de instrumentos de descripción documental y bibliográfica / Pedro López Gómez ; con la colaboración de Beatriz Díaz Vázquez | ||
| 260 | |a A Coruña : |b Xunta de Galicia, Conselleria de Cultura e Xuventude, |c 1993 | ||
| 300 | |a 95 p. : |b il. ; |c 30 cm | ||
| 590 | |a A peu de portada: Arquivo do Reino de Galicia | ||
| 650 | |a Arquivo do Reino de Galicia |x Fonts |x Catàlegs |9 20962 | ||
| 700 | |a Díaz Vázquez, Beatriz |9 20963 | ||
| 710 | 1 | |a Galícia. |b Consellería de Cultura e Xuventude |9 55417 | |
| 901 | |a Arxiu | ||
| 942 | |n 1 | ||
| 952 | |0 0 |1 0 |4 0 |6 A170 |7 1 |9 41754 |a Arxiu |b Arxiu |d 2016-12-01 |l 0 |o A-1-70 |p 10439 |r 2016-12-01 00:00:00 |w 2016-12-01 |y ARXIU | ||
| 999 | |c 43644 |d 43644 | ||